| 000 | 00610nam a2200217Ia 4500 | ||
|---|---|---|---|
| 003 | GCL | ||
| 008 | 140319s9999 xx 000 0 eng d | ||
| 040 |
_aGCL / _cGCL |
||
| 082 | 0 | 4 |
_a616.9940642 _bB W |
| 100 | 1 | _aBOMFORD,C.K. | |
| 245 | 1 | 0 |
_aWalter and Miller,s Text Book of Radiotheropy: Rodiation Phyricc,Therapy and Oncology / _cBOMFORD,C.K. |
| 700 | 1 | _aSHERLIFF, S.B. | |
| 700 | 1 | _aKUNKLER,I.H. | |
| 700 | 1 | _aHILLER,H. | |
| 260 |
_a[S.N] : _bCHURCHILL LIVINGSTONE ، _c1993 |
||
| 300 | _a607 P | ||
| 650 | 0 | 4 | _aRADIOTHERAPY |
| 650 | 0 | 4 | _aHEALTH PHYSICS |
| 650 | 0 | 4 | _aIVEOPLARMS |
| 942 |
_2ddc _cBK |
||
| 999 |
_c10436 _d10436 |
||